[Event "27. Friedensfest-Open (AFRO-A)"]
[Site "Augsburg"]
[Date "2022.08.05"]
[Round "3.32"]
[White "Speicher, Franz"]
[Black "Dommnich, Alexander"]
[Result "1-0"]
[WhiteElo "1842"]
[BlackElo "1587"]
[EventDate "2022.08.04"]
[Time "09:30:00"]
[WhiteTeam "SV Dicker Turm Esslingen"]
[BlackTeam "SF Augsburg"]

1.d4 f5 2.Bg5 g6 3.Nc3 Bg7 4.h4 h6 5.Bf4 Nf6 6.e3 d5 7.Qf3 Kf7 8.Nh3 Be6 
9.Be5 c6 10.Nf4 Rg8 11.Nxe6 Kxe6 12.Bxf6 Kxf6 13.Bd3 e6 14.O-O-O Ke7 15.h5
g5 16.g4 fxg4 17.Qxg4 Nd7 18.e4 Nf6 19.Qe2 Kd7 20.e5 Ne8 21.Rhf1 Rf8 22.
Kb1 Qb6 23.Bg6 Nc7 24.Na4 Qb4 25.Nc5+ Ke7 26.Rd3 b6 27.c3 Qb5 28.a4 Qa5 
29.b4 1-0

[Event "27. Friedensfest-Open (AFRO-A)"]
[Site "Augsburg"]
[Date "2022.08.04"]
[Round "1.35"]
[White "Jovy, Klaus"]
[Black "Dommnich, Alexander"]
[Result "0-1"]
[WhiteElo "1850"]
[BlackElo "1587"]
[EventDate "2022.08.04"]
[WhiteTeam "SK Mering"]
[BlackTeam "SF Augsburg"]

1.d4 f5 2.c4 Nf6 3.Nc3 d6 4.Nf3 g6 5.g3 Bg7 6.Bg2 c6 7.O-O O-O 8.Re1 Ne4 
9.Ng5 Nxc3 10.bxc3 e5 11.f4 h6 12.Nf3 e4 13.Nd2 Be6 14.e3 Nd7 15.Ba3 Qc7 
16.Qc2 Bf7 17.Bf1 Rfc8 18.Bb2 Rab8 19.a4 c5 20.Rec1 Nf6 21.d5 h5 22.Be2 h4
23.gxh4 Kf8 24.Kf2 Ke7 25.Rg1 Rh8 26.h5 Nxh5 27.Bxh5 Rxh5 28.Rg2 Rbh8 29.
Rh1 Qa5 30.Nf1 Be8 31.Ng3 R5h6 32.Nxf5+ gxf5 33.Rxg7+ Kf8 34.Rg2 Bh5 35.
Rg3 Bg4 36.h3 Bxh3 37.Qb3 Qc7 38.Rg5 Bg4 39.Rxh6 Rxh6 40.a5 Qh7 41.Rxg4 
fxg4 0-1

[Event "27. Friedensfest-Open (AFRO-A)"]
[Site "Augsburg"]
[Date "2022.08.06"]
[Round "6.40"]
[White "Rempel, Alexander sen."]
[Black "Dommnich, Alexander"]
[Result "1-0"]
[WhiteElo "1663"]
[BlackElo "1587"]
[EventDate "2022.08.04"]
[Time "15:30:00"]
[WhiteTeam "SF Augsburg"]
[BlackTeam "SF Augsburg"]

1.d4 f5 2.c4 g6 3.Nc3 Nf6 4.b3 Bg7 5.Bb2 d6 6.e3 c6 7.Bd3 O-O 8.Nge2 e5 9.
dxe5 dxe5 10.Rc1 Qc7 11.e4 Na6 12.a3 Nc5 13.Qc2 f4 14.f3 Nh5 15.O-O Bf6 
16.Rcd1 Qb6 17.Kh1 Qxb3 18.Qxb3 Nxb3 19.Na4 b6 20.c5 b5 21.Nac3 Nxc5 22.
Bb1 Bb7 23.Na2 Rad8 24.Bc3 Nb3 25.Nb4 Nd4 26.Nc1 Ng7 27.Ncd3 Nge6 28.Ba2 
Kg7 29.Bxe6 Nxe6 30.Bxe5 a5 31.Nc2 g5 32.h3 Bxe5 33.Nxe5 Kf6 34.Nd7+ Ke7 
35.Nxf8 Rxd1 36.Ng6+ hxg6 37.Rxd1 c5 38.Kg1 b4 39.axb4 axb4 40.Kf1 b3 41.
Na3 Ba6+ 42.Ke1 Nd4 43.Nb1 Nc2+ 44.Kf2 Nd4 45.Nc3 Kd6 46.Rd2 Bc4 47.Ke1 
Kc6 48.Kd1 Nc2 49.e5 Nd4 50.Kc1 Nc2 51.Rd6+ Kc7 52.Nd5+ Bxd5 53.Rxd5 Kc6 
54.Rd6+ Kc7 55.Kb2 c4 56.Rd2 Ne3 57.e6 Nf5 58.Kc3 Nd6 59.e7 Kc6 60.Rxd6+ 
1-0

[Event "27. Friedensfest-Open (AFRO-A)"]
[Site "Augsburg"]
[Date "2022.08.04"]
[Round "2.34"]
[White "Jacob, Dominik"]
[Black "Geutner, Steffen"]
[Result "1-0"]
[WhiteElo "1758"]
[BlackElo "1929"]
[EventDate "2022.08.04"]
[Time "15:30:00"]
[WhiteTeam "BC Aichach"]
[BlackTeam "TSV Langenau"]

1.d4 g6 2.Bf4 Bg7 3.e3 d6 4.Nf3 Nd7 5.Bc4 e6 6.c3 Ne7 7.Nbd2 h6 8.h4 a6 9.
Qc2 b6 10.O-O-O Bb7 11.Rhg1 b5 12.Bd3 Rc8 13.g4 Nb6 14.Ne4 Bxe4 15.Bxe4 d5
16.Bd3 c5 17.Be5 O-O 18.h5 f6 19.Bg3 g5 20.dxc5 Rxc5 21.Nd4 Qd7 22.f4 Nc4 
23.Bxc4 Rxc4 24.f5 e5 25.Ne6 Rfc8 26.Nxg7 Kxg7 27.Bxe5 b4 28.Bd4 bxc3 29.
Bxc3 Qa7 30.Kb1 Qxe3 31.Rge1 Qa7 32.Qe2 Re4 33.Qf3 Qb7 34.Rc1 Rcc4 35.Rxe4
Rxe4 36.Rd1 Rf4 37.Qe3 Qd7 38.Qb6 Nc6 39.Re1 Re4 40.Rxe4 dxe4 41.a3 Qd3+ 
42.Ka2 Qc4+ 43.Qb3 Qf7 44.Qxf7+ Kxf7 45.Kb3 Ke7 46.Kc4 Kd6 47.Bxf6 1-0

[Event "27. Friedensfest-Open (AFRO-A)"]
[Site "Augsburg"]
[Date "2022.08.04"]
[Round "2.31"]
[White "Kleih, Julian"]
[Black "Mueck, Fabian"]
[Result "1/2-1/2"]
[WhiteElo "1868"]
[BlackElo "1787"]
[EventDate "2022.08.04"]
[Time "15:30:00"]
[WhiteTeam "SV Dettingen Erms"]
[BlackTeam "SC Pluederhausen"]

1.d4 g6 2.c4 Bg7 3.Nf3 c5 4.d5 d6 5.g3 Nf6 6.Nc3 O-O 7.Bg2 e6 8.O-O exd5 
9.cxd5 Re8 10.Nd2 a6 11.a4 Nbd7 12.h3 Qc7 13.Nc4 Rb8 14.Bf4 Ne5 15.Bxe5 
dxe5 16.a5 Nd7 17.d6 Qd8 18.Na4 e4 19.Rc1 Qf6 20.b3 Bf8 21.Qd5 Ne5 22.Nxc5
Nxc4 23.d7 Rd8 24.Nxe4 Qe7 25.dxc8=Q Rbxc8 26.Qg5 Qxg5 27.Nxg5 Nxa5 
1/2-1/2

[Event "27. Friedensfest-Open (AFRO-A)"]
[Site "Augsburg"]
[Date "2022.08.05"]
[Round "4.12"]
[White "Seisenberger, Georg"]
[Black "Yaroshenko, Yaroslav"]
[Result "1-0"]
[WhiteElo "2085"]
[BlackElo "1760"]
[EventDate "2022.08.04"]
[Time "15:30:00"]
[WhiteTeam "SV Ilmmuenster"]
[BlackTeam "SK Graefelfing"]

1.d4 g6 2.c4 Bg7 3.e4 d6 4.Nc3 Nc6 5.Be3 e5 6.d5 Nce7 7.Qd2 f5 8.f3 Nf6 9.
Bd3 O-O 10.Nge2 fxe4 11.Nxe4 Nf5 12.Bg5 Qe8 13.O-O-O Nxe4 14.Bxe4 b5 15.c5
Rb8 16.c6 b4 17.g4 Nd4 18.Nxd4 exd4 19.Rde1 Qf7 20.h4 Be5 21.h5 Bf4 22.
Bxf4 Qxf4 23.hxg6 hxg6 24.Rh6 Qxd2+ 25.Kxd2 Ba6 26.Rxg6+ Kf7 27.Rh1 Rh8 
28.Rgh6 Rxh6 29.Rxh6 Rg8 30.Rh7+ Rg7 31.Rh8 Bc4 32.b3 Bf1 33.Rh1 Bb5 34.
Bd3 Bxd3 35.Kxd3 Kf6 36.Kxd4 Re7 37.Rh5 Kg6 38.Kc4 Re2 39.Kxb4 Rxa2 40.Rf5
a6 41.Kc3 Ra1 42.Rf8 Rc1+ 43.Kb2 Rd1 44.Rf5 Rf1 45.Ka3 Ra1+ 46.Kb4 Rc1 47.
Rf8 Rc5 48.Rc8 a5+ 49.Ka4 Rxd5 50.Rxc7 Rc5 51.Rc8 d5 52.c7 Kf7 53.Rh8 1-0

[Event "27. Friedensfest-Open (AFRO-A)"]
[Site "Augsburg"]
[Date "2022.08.05"]
[Round "4.22"]
[White "Baur, Frank"]
[Black "Wezel, Sebastian"]
[Result "1-0"]
[WhiteElo "2018"]
[BlackElo "1859"]
[EventDate "2022.08.04"]
[Time "15:30:00"]
[WhiteTeam "SF Mengen"]
[BlackTeam "SV Dettingen Erms"]

1.d4 Nf6 2.Nc3 d5 3.Bf4 g6 4.e3 Bg7 5.Nb5 Na6 6.Nc3 Nb8 7.h3 O-O 8.Nf3 c5 
9.dxc5 Qa5 10.Be2 Ne4 11.O-O Nxc3 12.bxc3 Qxc5 13.Be5 Nc6 14.Bxg7 Kxg7 15.
Rb1 Rd8 16.Qd2 a6 17.a4 f6 18.Nd4 Ne5 19.Rxb7 Kf7 20.Rb4 Bd7 21.Nb3 Qd6 
22.a5 Rac8 23.Rd1 Be6 24.Nd4 Qc5 25.Bxa6 Ra8 26.Nxe6 Kxe6 27.Rb5 Qa3 28.
Bb7 1-0

[Event "27. Friedensfest-Open (AFRO-A)"]
[Site "Augsburg"]
[Date "2022.08.07"]
[Round "7.30"]
[White "Brixel, Christof, Dr."]
[Black "Komarov, Jan"]
[Result "1/2-1/2"]
[WhiteElo "1964"]
[BlackElo "1844"]
[EventDate "2022.08.04"]
[Time "09:30:00"]
[WhiteTeam "?"]
[BlackTeam "SK Muenchen Suedost e.V."]

1.d4 Nf6 2.Nc3 d5 3.Bf4 c6 4.e3 Qb6 5.Na4 Qa5+ 6.c3 Nbd7 7.b4 Qd8 8.h3 b5 
9.Nc5 Nxc5 10.dxc5 Ne4 11.Qb3 a5 12.a4 axb4 13.cxb4 bxa4 14.Rxa4 Bb7 15.
Bd3 e6 16.Ne2 Nf6 17.O-O Be7 18.Rfa1 Rxa4 19.Rxa4 O-O 20.Ra7 Qc8 21.Qa4 
1/2-1/2

[Event "27. Friedensfest-Open (AFRO-A)"]
[Site "Augsburg"]
[Date "2022.08.05"]
[Round "3.40"]
[White "Jovy, Klaus"]
[Black "Lerchl, Clemens"]
[Result "0-1"]
[WhiteElo "1850"]
[BlackElo "1908"]
[EventDate "2022.08.04"]
[Time "09:30:00"]
[WhiteTeam "SK Mering"]
[BlackTeam "Schach-Club Vaterstetten-Grasbru"]

1.d4 Nf6 2.Bf4 g6 3.e3 Bg7 4.Be2 O-O 5.h4 h5 6.g4 hxg4 7.Bxg4 e5 8.dxe5 
Nxg4 9.Qxg4 d6 10.Qg3 dxe5 11.Bxe5 Qd5 12.Bxg7 Rd8 13.Qf3 Kxg7 14.Qxd5 
Rxd5 15.Nc3 Rd8 16.h5 Nc6 17.hxg6 fxg6 18.a3 Bf5 19.e4 Nd4 20.O-O-O Bg4 
21.Rd2 c5 22.Rh4 Be6 23.f3 Rh8 24.Rdh2 Rxh4 25.Rxh4 Rf8 26.Kd2 Rxf3 27.
Nce2 Rf2 28.Ke1 Rxe2+ 29.Nxe2 Nf3+ 0-1

[Event "27. Friedensfest-Open (AFRO-A)"]
[Site "Augsburg"]
[Date "2022.08.06"]
[Round "6.12"]
[White "Baur, Frank"]
[Black "Vuckovic, Robert"]
[Result "1-0"]
[WhiteElo "2018"]
[BlackElo "1846"]
[EventDate "2022.08.04"]
[Time "15:30:00"]
[WhiteTeam "SF Mengen"]
[BlackTeam "SF Augsburg"]

1.d4 Nf6 2.Nc3 d5 3.Bf4 Bf5 4.f3 h5 5.e3 e6 6.Bd3 Bxd3 7.Qxd3 c6 8.Nge2 
Bd6 9.O-O-O Na6 10.e4 dxe4 11.fxe4 Bxf4+ 12.Nxf4 Qc7 13.Rhf1 O-O-O 14.e5 
Ng4 15.Qe2 g6 16.h3 Nh6 17.g4 Qe7 18.Ne4 hxg4 19.hxg4 Kb8 20.Rh1 Nb4 21.c3
Nd5 22.Nxd5 cxd5 23.Nf6 Qf8 24.Rh3 Qg7 25.Rdh1 Nf5 26.Rxh8 Rxh8 27.Rxh8+ 
Qxh8 28.gxf5 gxf5 29.Qg2 Qh6+ 30.Kc2 a5 31.Qg8+ Ka7 32.Nd7 Qh2+ 33.Kb3 a4+
34.Ka3 Qe2 35.Qb8+ Ka6 36.Qa8+ Kb5 37.Qxa4# 1-0

[Event "27. Friedensfest-Open (AFRO-A)"]
[Site "Augsburg"]
[Date "2022.08.04"]
[Round "2.32"]
[White "Schoenwetter, Martin"]
[Black "Wezel, Sebastian"]
[Result "0-1"]
[WhiteElo "1498"]
[BlackElo "1859"]
[EventDate "2022.08.04"]
[Time "15:30:00"]
[WhiteTeam "Schachges. Augsburg 1873"]
[BlackTeam "SV Dettingen Erms"]

1.d4 Nf6 2.Nc3 d5 3.Bf4 g6 4.e3 Bg7 5.Bd3 O-O 6.h4 h5 7.Nh3 c5 8.f3 cxd4 
9.exd4 Nc6 10.Ne2 Qb6 11.Qc1 Nxd4 12.Nxd4 Qxd4 13.Ng5 Nd7 14.Rb1 Nc5 15.
Be2 b6 16.Be3 Qa4 17.a3 Bf5 18.b3 Qd7 19.Rg1 d4 20.g4 dxe3 21.gxf5 Bc3+ 
22.Kf1 Bd2 23.Qb2 Qxf5 24.b4 Ne6 25.Nxe6 Qxe6 26.Qd4 Rfd8 27.Qf4 Rac8 28.
c4 Bc3 29.Rb3 Rd4 30.Qg3 Bd2 31.Rb1 Qf6 32.Qh3 Rcd8 33.Rg5 e6 34.Qg2 Rxh4 
35.Kg1 Kg7 36.Rf1 Kh6 37.Rg3 Rf4 38.Qh2 Bc3 39.Rg4 Be5 40.Qh3 Rd2 41.Rxf4 
Qxf4 42.Qg2 Bb2 43.a4 Bc3 44.b5 Ra2 45.Rd1 Rxa4 0-1

[Event "27. Friedensfest-Open (AFRO-A)"]
[Site "Augsburg"]
[Date "2022.08.06"]
[Round "6.5"]
[White "Baur, Volker, Dr."]
[Black "Vuckovic, Zarko"]
[Result "0-1"]
[WhiteElo "1973"]
[BlackElo "2286"]
[EventDate "2022.08.04"]
[Time "15:30:00"]
[WhiteTeam "SF Mengen"]
[BlackTeam "SF Augsburg"]

1.d4 Nf6 2.Nc3 d5 3.Bf4 a6 4.e3 e6 5.g4 Bb4 6.Ne2 Nxg4 7.Rg1 Qh4 8.Bg3 Qe7
9.a3 Ba5 10.b4 Bb6 11.Nf4 Nh6 12.Bh3 c6 13.Nh5 Rg8 14.Bxb8 Rxb8 15.Rxg7 
Rxg7 16.Nxg7+ Kf8 17.Nh5 Qh4 18.Qf3 Ke7 19.O-O-O Bd7 20.Rg1 Rg8 21.Rxg8 
Nxg8 22.Nf4 Bc7 23.Qg3 Qxg3 24.hxg3 Nf6 25.Nd3 Nh5 26.Kd2 a5 27.Nc5 Bc8 
28.e4 dxe4 29.N5xe4 f5 30.Nc5 f4 31.g4 Nf6 32.N5e4 Nd5 33.bxa5 Bxa5 34.Kd3
b6 35.Nxd5+ exd5 36.Ng5 Ba6+ 37.c4 dxc4+ 38.Kc2 Be1 39.Ne4 Bc8 40.Bf1 Bxg4
0-1

[Event "27. Friedensfest-Open (AFRO-A)"]
[Site "Augsburg"]
[Date "2022.08.04"]
[Round "1.9"]
[White "Haller, Quentin"]
[Black "Feldmann, Johannes"]
[Result "1/2-1/2"]
[WhiteElo "2026"]
[BlackElo "2240"]
[EventDate "2022.08.04"]
[WhiteTeam "?"]
[BlackTeam "SV Worms 1878"]

1.d4 Nf6 2.Bg5 e6 3.e3 b6 4.Nf3 Bb7 5.Nbd2 c5 6.c3 Be7 7.Bd3 cxd4 8.exd4 
d6 9.O-O Nbd7 10.a4 a6 11.Re1 O-O 12.Bh4 Re8 13.h3 Qc7 14.Bg3 Nf8 15.Ng5 
Bc6 16.Qe2 Qb7 17.Nge4 Nxe4 18.Bxe4 b5 19.Bxc6 Qxc6 20.axb5 axb5 21.Qe4 d5
22.Qd3 Rec8 23.Rec1 b4 24.Rxa8 Qxa8 25.c4 dxc4 26.Rxc4 Rxc4 27.Nxc4 Qa6 
28.d5 exd5 29.Qxd5 Qe6 1/2-1/2

[Event "27. Friedensfest-Open (AFRO-A)"]
[Site "Augsburg"]
[Date "2022.08.05"]
[Round "3.12"]
[White "Haller, Quentin"]
[Black "Muench, Klaus-Norbert, Dr."]
[Result "1-0"]
[WhiteElo "2026"]
[BlackElo "2149"]
[EventDate "2022.08.04"]
[Time "09:30:00"]
[WhiteTeam "?"]
[BlackTeam "Schachges. Augsburg 1873"]

1.d4 Nf6 2.Bg5 d5 3.e3 Bf5 4.Nd2 e6 5.Ngf3 Be7 6.Be2 O-O 7.O-O c5 8.c3 Nc6
9.Qb3 Ne4 10.Bxe7 Nxd2 11.Bxd8 Nxb3 12.axb3 Rfxd8 13.dxc5 e5 14.Bb5 f6 15.
Bxc6 bxc6 16.b4 Rdb8 17.Ra5 a6 18.Nh4 Bd3 19.Rd1 Be2 20.Re1 Bg4 21.h3 Bd7 
22.Rea1 Bc8 23.f4 Ra7 24.fxe5 fxe5 25.Rf1 Re7 26.Nf5 Bxf5 27.Rxf5 d4 28.
exd4 exd4 29.cxd4 g6 30.Rf2 Rxb4 31.Rxa6 Re1+ 32.Kh2 Rxd4 33.Rxc6 Rdd1 34.
b4 Rb1 35.Rb6 g5 36.Rb7 h5 37.Ra2 1-0

[Event "27. Friedensfest-Open (AFRO-A)"]
[Site "Augsburg"]
[Date "2022.08.06"]
[Round "5.27"]
[White "Geutner, Steffen"]
[Black "Mohylnyi, Stepan"]
[Result "1/2-1/2"]
[WhiteElo "1929"]
[BlackElo "1709"]
[EventDate "2022.08.04"]
[Time "09:30:00"]
[WhiteTeam "TSV Langenau"]
[BlackTeam "SC Noris-Tarrasch Nuernberg 1873"]

1.d4 Nf6 2.Bg5 Ne4 3.h4 d5 4.Nd2 h6 5.Bf4 Bf5 6.e3 e6 7.f3 Nxd2 8.Qxd2 Bd6
9.Bxd6 Qxd6 10.f4 Nd7 11.Bd3 Nf6 12.O-O-O Ne4 13.Bxe4 Bxe4 14.Nf3 O-O-O 
15.Ne5 Qe7 16.Nd3 h5 17.Qf2 Rh6 18.Rhg1 b6 19.g3 f6 20.Qe2 Kb7 21.a3 c6 
22.Nb4 Qc7 23.g4 g6 24.g5 fxg5 25.fxg5 Rhh8 26.Rgf1 Bf5 27.Rd2 Rhf8 28.
Qa6+ Kb8 29.Rdf2 c5 30.Nd3 cxd4 31.exd4 Rc8 32.c3 Qg3 33.Rf3 Qxh4 34.Rxf5 
Rxf5 35.Rxf5 exf5 36.Ne5 Qxg5+ 37.Kb1 Qe7 38.Nxg6 Qd6 39.Ne5 Rg8 40.Qf1 
Qe6 41.Qf4 Kb7 42.Qh4 Qe8 43.Qh1 Qe6 44.Qxh5 Rg7 45.Qf3 b5 46.Ka2 Kb6 47.
Qf4 Rc7 48.Qh4 1/2-1/2

[Event "27. Friedensfest-Open (AFRO-A)"]
[Site "Augsburg"]
[Date "2022.08.06"]
[Round "6.7"]
[White "Seisenberger, Georg"]
[Black "Haller, Quentin"]
[Result "0-1"]
[WhiteElo "2085"]
[BlackElo "2026"]
[EventDate "2022.08.04"]
[Time "15:30:00"]
[WhiteTeam "SV Ilmmuenster"]
[BlackTeam "?"]

1.d4 Nf6 2.c4 c6 3.Nf3 d5 4.Nc3 e6 5.e3 Bd6 6.b3 Nbd7 7.Bd3 O-O 8.O-O Re8 
9.Bb2 e5 10.dxe5 Nxe5 11.Nxe5 Bxe5 12.Qc2 Bxh2+ 13.Kxh2 Ng4+ 14.Kg1 Qh4 
15.Rfe1 Qh2+ 16.Kf1 Qh1+ 17.Ke2 Qxg2 18.Kd2 d4 19.exd4 Qxf2+ 20.Ne2 Qe3+ 
21.Kc3 Bf5 22.Qd2 Bxd3 23.Qxd3 Qf2 24.Qd2 Re3+ 25.Kb4 Rae8 26.Bc3 Rxe2 27.
Rxe2 Qxe2 28.Re1 Qxe1 29.Qxe1 Rxe1 30.Bxe1 Kf8 31.d5 cxd5 32.cxd5 Ke7 33.
Bg3 h5 34.Bb8 h4 35.Bxa7 h3 36.Bb8 f6 37.Bg3 g5 38.Kc5 f5 39.Kb6 f4 40.Kc7
Nf6 41.d6+ Ke6 42.Bh2 f3 0-1

[Event "27. Friedensfest-Open (AFRO-A)"]
[Site "Augsburg"]
[Date "2022.08.05"]
[Round "3.31"]
[White "Portnov, Dmytro"]
[Black "Komarov, Jan"]
[Result "1-0"]
[WhiteElo "1531"]
[BlackElo "1844"]
[EventDate "2022.08.04"]
[Time "09:30:00"]
[WhiteTeam "SC Weisse Dame Ulm e.V."]
[BlackTeam "SK Muenchen Suedost e.V."]

1.d4 Nf6 2.c4 c5 3.e3 e6 4.Nf3 d5 5.cxd5 Nxd5 6.e4 Nf6 7.Bg5 Qa5+ 8.Bd2 
Qb6 9.e5 Ne4 10.dxc5 Nxc5 11.Na3 Be7 12.Nc4 Qd8 13.Qc2 Nc6 14.Bc3 O-O 15.
b4 Nd7 16.a3 a6 17.Bd3 h6 18.Rd1 Qc7 19.Nd6 Nb6 20.Bh7+ Kh8 21.Be4 Bd7 22.
h4 f5 23.exf6 Bxf6 24.Ng5 Bxc3+ 25.Qxc3 Nd5 26.Ndf7+ Rxf7 27.Nxf7+ Kg8 28.
Rxd5 exd5 29.Bxd5 Re8+ 30.Kf1 Be6 31.Nxh6+ gxh6 32.Bxe6+ Rxe6 33.Rh3 Qe5 
34.Rg3+ Kf7 35.Qf3+ Rf6 36.Qb3+ Qe6 37.Qd3 Rf5 38.Re3 Qd5 39.Qc2 h5 40.Kg1
Kf6 41.Rd3 Qe5 42.Qd2 Rf4 43.g3 Qa1+ 44.Kh2 Rd4 45.Rf3+ Ke6 46.Qh6+ Kd5 
47.Re3 Ne5 48.Qxh5 Re4 49.Rxe4 Kxe4 50.Qh7+ Kf3 51.Qf5+ Ke2 52.Qc2+ Kf1 
53.f4 Ng4+ 54.Kh3 Nf2+ 55.Kh2 Qxa3 56.Qc4+ Ke1 57.Kg2 Ng4 58.Qe6+ Kd2 59.
Qxg4 Qxb4 60.h5 a5 61.h6 a4 62.Qd7+ Ke3 63.Qe6+ Kd3 64.Qd5+ Ke3 65.Qe5+ 
Kd3 66.h7 Qd2+ 67.Kh3 1-0

[Event "27. Friedensfest-Open (AFRO-A)"]
[Site "Augsburg"]
[Date "2022.08.07"]
[Round "7.14"]
[White "Portnov, Dmytro"]
[Black "Baur, Volker, Dr."]
[Result "1-0"]
[WhiteElo "1531"]
[BlackElo "1973"]
[EventDate "2022.08.04"]
[Time "09:30:00"]
[WhiteTeam "SC Weisse Dame Ulm e.V."]
[BlackTeam "SF Mengen"]

1.d4 Nf6 2.c4 c5 3.e3 g6 4.Nc3 Bg7 5.Nf3 O-O 6.d5 d6 7.e4 Qa5 8.Bd2 Nbd7 
9.h3 a6 10.a4 Qc7 11.Bd3 e5 12.g4 Kh8 13.Ng5 Nb8 14.f3 a5 15.h4 h5 16.Be2 
Qe7 17.Qb3 Na6 18.O-O-O Nb4 19.Rdg1 Bd7 20.Nb5 Kg8 21.Bd3 Nxd3+ 22.Qxd3 
Rfc8 23.Kb1 Bxb5 24.axb5 Qd7 25.Qe2 Kf8 26.Rh2 Ke8 27.Nh3 a4 28.Ka2 Qe7 
29.Nf2 Kd7 30.Bg5 Rh8 31.Nd3 Qe8 32.Ra1 Ra7 33.Kb1 Qa8 34.Ra3 b6 35.Rh1 
Kc7 36.Kc2 Nd7 37.Bd2 Qb7 38.g5 Rf8 39.Rha1 Qa8 40.Qd1 f5 41.Kc1 fxe4 42.
fxe4 Rf7 43.Rxa4 Rxa4 44.Qxa4 Rf1+ 45.Be1 Qxa4 46.Rxa4 Kb7 47.Kd2 Rf8 48.
Ra1 Ra8 49.Rc1 Ra4 50.Ke3 Kc7 51.Bc3 Kd8 52.Ne1 Nf6 53.Kd3 Ng4 54.Nc2 Nf2+
55.Ke3 Ng4+ 56.Kd3 Nf2+ 57.Ke3 Ng4+ 58.Kf3 Rxc4 59.Ra1 Nh2+ 60.Kg3 Ng4 61.
Kf3 Nh2+ 62.Ke3 Ng4+ 63.Kd3 Rd4+ 64.Nxd4 exd4 65.Ra8+ Ke7 66.Be1 Ne5+ 67.
Kc2 Nf3 68.Ra7+ Kf8 69.Bg3 Be5 70.Bxe5 Nxe5 71.Rb7 Nc4 72.b3 Na3+ 73.Kd3 
Nxb5 74.Rxb6 Nc7 75.Rxd6 1-0

[Event "27. Friedensfest-Open (AFRO-A)"]
[Site "Augsburg"]
[Date "2022.08.05"]
[Round "4.25"]
[White "Muench, Klaus-Norbert, Dr."]
[Black "Geutner, Steffen"]
[Result "1/2-1/2"]
[WhiteElo "2149"]
[BlackElo "1929"]
[EventDate "2022.08.04"]
[Time "15:30:00"]
[WhiteTeam "Schachges. Augsburg 1873"]
[BlackTeam "TSV Langenau"]

1.d4 Nf6 2.c4 c5 3.d5 e6 4.Nc3 exd5 5.cxd5 d6 6.e4 g6 7.f4 Bg7 8.Nf3 O-O 
9.Bd3 Re8 10.O-O a6 11.a4 c4 12.Bxc4 Nxe4 13.Nxe4 Rxe4 14.Bd3 Re8 15.f5 
Nd7 16.Ng5 Ne5 17.fxg6 hxg6 18.Nxf7 Qb6+ 19.Kh1 Bg4 20.Qd2 Nxf7 21.Bxg6 
Re7 22.Rxf7 Rxf7 23.Bxf7+ Kxf7 24.Qf4+ Kg8 25.Qxg4 Re8 26.Bh6 Qxb2 27.Bxg7
Qxg7 28.Qxg7+ Kxg7 29.Rb1 b5 30.axb5 axb5 31.g4 Rb8 32.Kg2 Kf6 33.Re1 b4 
34.Kf3 b3 35.Rb1 Ke5 36.Ke3 Kxd5 37.Kd3 Rh8 1/2-1/2

[Event "27. Friedensfest-Open (AFRO-A)"]
[Site "Augsburg"]
[Date "2022.08.05"]
[Round "3.28"]
[White "Rempel, Alexander sen."]
[Black "Kleih, Julian"]
[Result "0-1"]
[WhiteElo "1663"]
[BlackElo "1868"]
[EventDate "2022.08.04"]
[Time "09:30:00"]
[WhiteTeam "SF Augsburg"]
[BlackTeam "SV Dettingen Erms"]

1.d4 Nf6 2.c4 c5 3.d5 b5 4.b3 bxc4 5.bxc4 g6 6.Bb2 Bg7 7.Qc2 O-O 8.e4 d6 
9.Bd3 e6 10.Ne2 exd5 11.exd5 Nbd7 12.f4 Rb8 13.Nbc3 Ng4 14.Bc1 Qh4+ 15.g3 
Qh3 16.Ng1 Re8+ 17.Be2 Qg2 0-1

[Event "27. Friedensfest-Open (AFRO-A)"]
[Site "Augsburg"]
[Date "2022.08.05"]
[Round "3.9"]
[White "Hauser, Carlos, Dr."]
[Black "Engesser, Jonas"]
[Result "1-0"]
[WhiteElo "2253"]
[BlackElo "2037"]
[EventDate "2022.08.04"]
[Time "09:30:00"]
[WhiteTeam "SV 1947 Walldorf"]
[BlackTeam "SC Garching 1980 e.V."]

1.d4 Nf6 2.c4 c5 3.d5 b5 4.cxb5 a6 5.bxa6 g6 6.Nc3 Bxa6 7.g3 d6 8.Bg2 Bg7 
9.Nf3 Nbd7 10.Rb1 Qa5 11.O-O O-O 12.Bd2 Rfb8 13.Re1 Bb7 14.h3 Qa7 15.e4 
Ba6 16.Qc2 Rb7 17.b3 Rab8 18.a4 Ne8 19.Bf4 Rb4 20.e5 Nxe5 21.Nxe5 Bxe5 22.
Bxe5 dxe5 23.Rxe5 Nd6 24.g4 Qc7 25.Rbe1 Re8 26.Ne4 Nxe4 27.R5xe4 Rb7 28.
R4e3 Rb4 29.Rc3 Rc8 30.Rc1 c4 31.bxc4 Qf4 32.c5 Rcb8 33.Rf3 Qd4 34.Rd1 Qe5
35.Qc3 Qxc3 36.Rxc3 Rxa4 37.c6 Kf8 38.d6 exd6 39.Rxd6 Ra1+ 40.Kh2 Re1 41.
c7 Rc8 42.Rxa6 1-0

[Event "27. Friedensfest-Open (AFRO-A)"]
[Site "Augsburg"]
[Date "2022.08.04"]
[Round "1.16"]
[White "Schwertler, Philip"]
[Black "Baur, Volker, Dr."]
[Result "1-0"]
[WhiteElo "2112"]
[BlackElo "1973"]
[EventDate "2022.08.04"]
[WhiteTeam "SV Ilmmuenster"]
[BlackTeam "SF Mengen"]

1.d4 Nf6 2.c4 c5 3.d5 b5 4.cxb5 a6 5.bxa6 g6 6.Nc3 Bg7 7.e4 O-O 8.e5 Ne8 
9.Nf3 d6 10.Be2 Bf5 11.O-O Nxa6 12.Bf4 Qb6 13.Qd2 Nac7 14.a4 Qb4 15.Bg5 f6
16.exf6 Nxf6 17.Rfe1 Rab8 18.Ra2 Rf7 19.h3 Ne4 20.Nxe4 Bxe4 21.Bd1 Bxd5 
22.Qxb4 Rxb4 23.b3 Bc3 24.Rxe7 Bxb3 25.Bxb3 Rxb3 26.a5 Rb1+ 27.Kh2 Ra1 28.
Ree2 Rxa2 29.Rxa2 Na6 30.Re2 Rb7 31.Re8+ Kf7 32.Ra8 Nc7 33.a6 Nxa6 34.Rxa6
Ke6 35.g4 Bb4 36.Kg3 c4 37.Nd4+ Kd5 38.Nc2 Bc3 39.Bf4 Rb2 40.Rxd6+ Kc5 41.
Ne3 Be1 42.Rd5+ Kc6 43.Rd6+ Kc5 44.Nd1 Rb3+ 45.Kg2 g5 46.Be5 c3 47.Rd8 c2 
48.Rc8+ Kd5 49.Rxc2 Rb1 50.Nc3+ 1-0

[Event "27. Friedensfest-Open (AFRO-A)"]
[Site "Augsburg"]
[Date "2022.08.05"]
[Round "4.21"]
[White "Goldinger, Peter"]
[Black "Brixel, Christof, Dr."]
[Result "0-1"]
[WhiteElo "2059"]
[BlackElo "1964"]
[EventDate "2022.08.04"]
[Time "15:30:00"]
[WhiteTeam "SF Pfullingen"]
[BlackTeam "?"]

1.d4 Nf6 2.c4 c5 3.d5 b5 4.cxb5 a6 5.e3 Bb7 6.Nc3 e6 7.e4 Qa5 8.Bd2 Qb6 9.
a4 axb5 10.Bxb5 exd5 11.exd5 Nxd5 12.Nf3 Qe6+ 13.Kf1 Be7 14.h4 Nxc3 15.
Bxc3 O-O 16.Ng5 Qd5 17.Qg4 f6 18.Bc4 Ba6 19.Bxa6 Rxa6 20.Nf3 Qd3+ 21.Kg1 
d5 22.Rh3 Qg6 23.Qxg6 hxg6 24.b3 Nc6 25.Nd2 Rb8 26.Kf1 Bd6 27.Rd1 Bf4 28.
Ba1 Na5 29.Rc3 Bxd2 30.Rxc5 Nxb3 31.Rxd5 Rxa4 32.Bb2 Ra2 33.Bd4 Nxd4 34.
Rxd4 Bc3 35.Rd8+ Rxd8 36.Rxd8+ Kh7 37.Rd3 Bb4 38.g4 Bc5 39.Rf3 Ra3 40.Rf4 
Rh3 41.g5 fxg5 42.hxg5 Be7 43.Rg4 Rh5 44.f4 Rh2 45.Kg1 Rd2 46.Rh4+ Kg8 47.
Rh3 Bc5+ 48.Kh1 Rf2 49.Rc3 Bd6 50.Rc8+ Kh7 0-1

[Event "27. Friedensfest-Open (AFRO-A)"]
[Site "Augsburg"]
[Date "2022.08.07"]
[Round "7.9"]
[White "Hauser, Carlos, Dr."]
[Black "Kleih, Julian"]
[Result "1-0"]
[WhiteElo "2253"]
[BlackElo "1868"]
[EventDate "2022.08.04"]
[Time "09:30:00"]
[WhiteTeam "SV 1947 Walldorf"]
[BlackTeam "SV Dettingen Erms"]

1.d4 Nf6 2.c4 c5 3.d5 b5 4.cxb5 a6 5.bxa6 g6 6.Nc3 Bxa6 7.g3 Bg7 8.Bg2 d6 
9.Nf3 Nbd7 10.Rb1 O-O 11.O-O Nb6 12.b3 Bc8 13.Nh4 h6 14.Qc2 Qd7 15.e4 Ba6 
16.Re1 Ng4 17.Nf3 g5 18.h3 Ne5 19.Nxe5 Bxe5 20.f4 gxf4 21.gxf4 Bd4+ 22.Kh2
f5 23.Ne2 Bxe2 24.Qxe2 Ra7 25.a4 e5 26.dxe6 Qxe6 27.exf5 Qxf5 28.Qe6+ Kg7 
29.Qxf5 Rxf5 30.Bd2 Nd7 31.Re7+ Kf8 32.Rbe1 Be5 33.Rxd7 Rxd7 34.fxe5 dxe5 
35.Bxh6+ Ke7 36.Be3 Rc7 37.Bd5 Kd6 38.Rd1 Rf8 39.a5 e4 40.Bxe4+ Ke5 41.Bg2
Rf6 42.Rd5+ Ke6 43.Rxc5 Rxc5 44.Bxc5 Rf5 45.b4 Re5 46.a6 Re2 47.a7 Kd7 48.
a8=Q Kc7 49.Qb7+ Kd8 50.Qb6+ Kc8 51.Qa6+ Kb8 52.Bd6# 1-0

[Event "27. Friedensfest-Open (AFRO-A)"]
[Site "Augsburg"]
[Date "2022.08.07"]
[Round "7.23"]
[White "Nowak, Maciej"]
[Black "Mayer, Arnd"]
[Result "1/2-1/2"]
[WhiteElo "1642"]
[BlackElo "2036"]
[EventDate "2022.08.04"]
[Time "09:30:00"]
[WhiteTeam "?"]
[BlackTeam "SV Jedesheim 1921"]

1.d4 Nf6 2.c4 e6 3.Nc3 Bb4 4.f3 c5 5.d5 d6 6.e4 Bxc3+ 7.bxc3 e5 8.Bd3 h6 
9.Ne2 Nbd7 10.Be3 Nf8 11.h4 Ng6 12.h5 Ne7 13.Qd2 Nh7 14.g4 Ng8 15.Ng3 Ng5 
16.Ke2 f6 17.a4 Ne7 18.a5 Kf7 19.Qb2 Rb8 20.Rhb1 Qc7 21.Kf2 Qd7 22.Be2 Re8
23.Nf1 Qc7 24.Nd2 Rh8 25.Kg2 Qd7 26.Qa3 Qc7 27.Rb3 Rf8 28.Nb1 Rd8 29.Qb2 
Rh8 30.Na3 Ra8 31.Nb1 1/2-1/2

[Event "27. Friedensfest-Open (AFRO-A)"]
[Site "Augsburg"]
[Date "2022.08.05"]
[Round "3.25"]
[White "Dannehr, Juergen"]
[Black "Gode, Gero"]
[Result "1/2-1/2"]
[WhiteElo "1922"]
[BlackElo "1754"]
[EventDate "2022.08.04"]
[Time "09:30:00"]
[WhiteTeam "SV Gifhorn"]
[BlackTeam "SK Mering"]

1.d4 Nf6 2.c4 e6 3.Nc3 Bb4 4.e3 b6 5.Bd3 Bb7 6.Nf3 O-O 7.O-O Bxc3 8.bxc3 
Ne4 9.Qc2 f5 10.Nd2 Qh4 11.f3 Ng5 12.Qd1 Rf6 13.Qe1 Qh5 14.h4 Nf7 15.e4 f4
16.e5 Rh6 17.Ne4 Qxh4 1/2-1/2